000 01277nam a22002777a 4500
005 20250219110624.0
008 250219b ||||| |||| 00| 0 eng d
020 _a9780500480977
040 _aCO-BoUCM
_cDavid Moreno
_dDavid Moreno
041 _aeng
245 0 0 _aDigital art
_b1960s - now
_cPita Arreola, Corinna Gardner and Melanie Lenz.
250 _a1a. Ed
260 _aLondre, Inglaterra
_bThames & Hudson Ltd.
_c2024
300 _a207 Paginas
_bilustraciones a color
504 _aIncluye referencias bibliográficas e índices
505 _rIntroduction -- From Analogue to Digital: Computer Art in the 1960s and 1970s -- Skews, Simulations and Satellies: Digital Art in the 1970s and 1980s -- 1990s - 2000s: Build Your Own Art Worlds! Net Art in the 1990s -- 2000s - Now: Data is the New Gold: Digital Art in the 2000s
650 1 4 _aArte informático
_ySiglo XX
_9184658
650 1 4 _aArte informático
_xSiglo XXI
_9184659
650 1 4 _aArte digital
_xDiseño digital
_9184660
700 1 _aArreola-Burns, Pita
_eeditor
_9184661
700 1 _aGardner, Corinna
_eeditor
_9184662
700 1 _aLenz, Melanie
_9184663
700 1 _aVictoria and Albert Museum
_9184664
942 _2DEWEY
_a17
_cLIBRO
_e1
_h776
_mA774d
_n0
999 _c325246
_d325246